000 00773cam a2200277Ma 4500
999 _c3466
_d3466
001 ocn853506576
003 OCoLC
005 20170829095151.0
008 130527s2013 enk 000 0 eng d
015 _aGBB361926
_2bnb
016 7 _a016453758
_2Uk
020 _a9781107685772
_q(pbk.)
020 _a110768577X
_q(pbk.)
035 _a(OCoLC)853506576
040 _aUKMGB
_beng
_cUKMGB
_dOCLCO
_dYDXCP
_dCGU
_dOCLCF
_dOCLCQ
049 _aTZAA
050 1 4 _aD115
_b.B46 2013
082 0 4 _a909.4
_223
100 1 _aBennett, H. S.
_q(Henry Stanley),
_d1889-1972,
_eauthor.
245 1 0 _aSix medieval men and women /
_cH.S. Bennett.
300 _apages cm
600 _2on order
650 0 _aFifteenth century.
650 7 _aFifteenth century.
_2fast
942 _2lcc
_cBOOK